| 000 | 00346nam a2200145Ia 4500 | ||
|---|---|---|---|
| 005 | 20250318024529.0 | ||
| 008 | 240331s9999 xx 000 0 und d | ||
| 082 |
_bKON _a894 |
||
| 100 | _aKonanghi, | ||
| 245 | 0 | _aKollanin aaru penmakkal | |
| 260 |
_aSivagangai _bAgaram Publication _c1990 |
||
| 300 | _a169 p ., | ||
| 650 | _aStories | ||
| 942 | _cL | ||
| 999 |
_c4037 _d4037 |
||